Score 0/19 Timer 01:30
0 Plays Today
Hint Answer % Correct
Moscow is in what country?Russia
97.3%
How many days are in January? 31
86.2%
Which car company makes the Yaris? Toyota
84.7%
Who was the first man on the moon?Neil Armstrong
68.6%
Who wrote Hamlet?William Shakespeare
67.2%
Mesut Ozil plays for which football club?Arsenal
66.8%
What does the C in BBC stand for?Corporation
57.1%
The Whopper is a burger available at which fast food restaurant?Burger King
55.6%
What year did the Lost finale air?2010
49.3%
What sport did Billie-Jean King play?Tennis
48.2%
Hint Answer % Correct
What country is Lewis Capaldi from?Scotland
47.3%
Django Unchained starred who in the leading role?Jamie Foxx
44.1%
In what part of the body would you find the fibula?Leg
31.9%
Ian Brown is the frontman of which British band?Stone Roses
29%
What age is Ariana Grande?27
24.7%
Which of these counties is the biggest - Offaly, Wicklow or Cavan?Wicklow
24.4%
Who composed the iconic music from Jaws?John Williams
18.4%
Who played Hal in Malcolm in the Middle?Bryan Cranston
9.5%
Mark Moran is a GAA star from which county?Mayo
8.4%
Remove Ads.
Support Sporcle.
Get the best of Sporcle when you Go Orange. This ad-free experience offers more features, more stats, and more fun while also helping to support Sporcle. Thank you for becoming a member.

You're not logged in!

Compare scores with friends on all Sporcle quizzes.
OR
Log In

Show Comments

Extras

Created Oct 28, 2020ReportNominate
Tags:job, joe

Top Quizzes Today


Score Distribution

Your Account Isn't Verified!

In order to create a playlist on Sporcle, you need to verify the email address you used during registration. Go to your Sporcle Settings to finish the process.

Report this User

Report this user for behavior that violates our Community Guidelines.

Details: